| 000 | 00643nam a22001937a 4500 | ||
|---|---|---|---|
| 003 | OSt | ||
| 005 | 20251119121512.0 | ||
| 008 | 251119b |||||||| |||| 00| 0 eng d | ||
| 020 | _a971-590-245-6. | ||
| 040 |
_aDWCL-Main lib _cOC |
||
| 082 |
_2New rev. ed. _aCirc. 282 V345 1984 |
||
| 100 | _aFlannery, Austin | ||
| 245 |
_aVatican Council ll : _bthe conciliar and the post conciliar documents, vol 1. _cFlannery, Austin |
||
| 260 |
_aPasay City : _bPaulines Pub. House, _cc1984. |
||
| 300 |
_axxiv, 1062 pages ; _c19 cm. |
||
| 504 | _aIncludes index. | ||
| 650 | _21. Catholic church-Doctrine. | ||
| 942 |
_2ddc _cBK-CIRC _eNew rev. ed. _kCirc. _n0 |
||
| 999 |
_c5825 _d5825 |
||